| 000 | 01116nam a2200313 a 4500 | ||
|---|---|---|---|
| 001 | vtls001619923 | ||
| 003 | NLI | ||
| 005 | 20210628133936.0 | ||
| 008 | 121214s1964 ii 000 1 asm | ||
| 020 | _cRs. 4.00 | ||
| 039 | 9 |
_y201212141944 _zVLOAD |
|
| 040 |
_aNLI _basmeng _cDatasoft_Assamese _eAACR2 |
||
| 041 | 0 | _aasm | |
| 044 | _a ii | ||
| 082 | 0 | 4 | _a 891.493 |
| 100 | 1 |
_6880-01 _aডেকা, কনকসেন |
|
| 245 | 1 | 0 |
_6880-02 _aসূর্য্য পূৰত নুঠে / _cকনকসেন ডেকা |
| 260 |
_aগুৱাহাটী : _bযতীন্দ্রনাৰায়ণ চৌধুৰী, _c1964 |
||
| 300 |
_aviii, 238 p. ; _c21 cm. |
||
| 650 | 0 |
_aAssamese fiction _9678390 |
|
| 880 |
_6100-01(B _aDekā, Kanaksen |
||
| 880 | 1 | 0 |
_6245-02(B _aSūrya pūrata nuṭhe / _cKanaksen Dekā |
| 887 | _a Abhik Ghosh 01.06.2012 (Sumit Kumar Das) | ||
| 901 |
_a3061 _b08.06.1972 |
||
| 902 | _aA 891.493 D 7278 su | ||
| 904 |
_cAbhik Ghosh 01.06.2012 (Sumit Kumar Das) _lA 9045 |
||
| 949 |
_AVIRTUAITEM _D10000 _X100 _6DBA000003061ASM |
||
| 942 |
_2ddc _cBKS |
||
| 999 |
_aVIRTUA40 _c1069352 _d1069352 |
||